عرض عادي
عرض مارك
- Afifi, A. A.
مدخل إسم شخص
001 - رقم الضبط
- حقل الضبط: 8830
003 - معرف رقم الضبط
- حقل الضبط: OSt
005 - تاريخ ووقت أخر عملية
- حقل الضبط: 20111220201104.0
008 - عناصر بيانات ثابتة الطول
- حقل تحكم ثابت الطول: 111220|||a|||||| | ||| d
040 ## - مصدر الفهرسة
- هيئة الفهرسة الأصلية: OSt
- وكالة الكتابة: OSt
100 ## - مدخل -- أسم شخص
- إسم شخص: Afifi, A. A.
- الشكل الكامل للاسم: (Abdelmonem A.),
- تواريخ مرتبطة بالاسم: 1939-
670 ## - بيانات المصدر موجوده
- الاستشهاد بالمصدر: Work cat.: (OSt)3600: Afifi, A. A. (Abdelmonem A.), 1939-, Computer-aided multivariate analysis /, c2004.
